<?xml version="1.0" encoding="UTF-8"?>
<record
    xmlns:xsi="http://www.w3.org/2001/XMLSchema-instance"
    xsi:schemaLocation="http://www.loc.gov/MARC21/slim http://www.loc.gov/standards/marcxml/schema/MARC21slim.xsd"
    xmlns="http://www.loc.gov/MARC21/slim">

  <leader>01457nam a2200217 a 4500</leader>
  <controlfield tag="003">KPN</controlfield>
  <controlfield tag="005">20260428171930.0</controlfield>
  <controlfield tag="008">20260428b  00|  0 my d</controlfield>
  <datafield tag="020" ind1=" " ind2=" ">
    <subfield code="a">9789674080211</subfield>
    <subfield code="c">RM17.00</subfield>
    <subfield code="q">paperback</subfield>
  </datafield>
  <datafield tag="040" ind1=" " ind2=" ">
    <subfield code="c">KPN</subfield>
  </datafield>
  <datafield tag="082" ind1="0" ind2="4">
    <subfield code="a">BM FK NIP 2011</subfield>
    <subfield code="2">23</subfield>
  </datafield>
  <datafield tag="090" ind1="0" ind2="0">
    <subfield code="a">BM FK NIP 2011</subfield>
    <subfield code="b">NIP</subfield>
  </datafield>
  <datafield tag="100" ind1="0" ind2=" ">
    <subfield code="a">Nippan</subfield>
  </datafield>
  <datafield tag="245" ind1="1" ind2="0">
    <subfield code="a">Huyan dan Mimpy /</subfield>
    <subfield code="c">Nippan ; [penterjemah: Iskandar Syah  Ismail]</subfield>
  </datafield>
  <datafield tag="260" ind1=" " ind2=" ">
    <subfield code="a">Batu Caves, Selangor :</subfield>
    <subfield code="b">PTS Litera Utama,</subfield>
    <subfield code="c">2011</subfield>
  </datafield>
  <datafield tag="300" ind1=" " ind2=" ">
    <subfield code="a">xiv, 305ms. ;</subfield>
    <subfield code="c">19 cm.</subfield>
  </datafield>
  <datafield tag="521" ind1=" " ind2=" ">
    <subfield code="a">Huyan tidak mempunyai mimpi yang besar. Huyan hanya mahu memastikan dia dapat meneruskan tanggungjawab menyara keluarganya dan menyekolahkan dua orang adiknya, selepas sang ayah ditimpa kemalangan. Daripada bergelar pelajar sekolah, Huyan menjadi penjual aiskrim dan keperluan hidup yang mendesak saban hari, memaksa Huyan terjerumus ke kancah penyeludupan beras di sempadan Thailand-Malaysia. Kematian tragik rakannya yang tergelincir dari bumbung kereta api ketika menyeludup, menyebabkan Huyan mulai memikirkan masa depan dirinya dan keluarganya. Mimpy yang selalu setia berkongsi kisah dan harapan mencadangkan agar Huyan mengusahakan kebun bunga. Siapakah Mimpy dalam hidup Huyan? Adakah cadangan mengusahakan kebun bunga itu diterima oleh Huyan? Inilah kisah remaja cekal dan bertanggungjawab yang mengajarkan kita erti sebuah kehidupan.</subfield>
  </datafield>
  <datafield tag="650" ind1="1" ind2="0">
    <subfield code="a">Thai fiction</subfield>
    <subfield code="v">Translations into Malay</subfield>
  </datafield>
  <datafield tag="700" ind1="0" ind2=" ">
    <subfield code="a">Iskandar Syah Ismail</subfield>
  </datafield>
  <datafield tag="942" ind1=" " ind2=" ">
    <subfield code="2">ddc</subfield>
    <subfield code="c">1</subfield>
    <subfield code="n">0</subfield>
  </datafield>
  <datafield tag="999" ind1=" " ind2=" ">
    <subfield code="c">1838</subfield>
    <subfield code="d">1838</subfield>
  </datafield>
  <datafield tag="952" ind1=" " ind2=" ">
    <subfield code="0">0</subfield>
    <subfield code="1">0</subfield>
    <subfield code="2">ddc</subfield>
    <subfield code="4">0</subfield>
    <subfield code="7">0</subfield>
    <subfield code="8">F</subfield>
    <subfield code="a">KPN</subfield>
    <subfield code="b">KPN</subfield>
    <subfield code="c">FICK</subfield>
    <subfield code="d">2026-04-28</subfield>
    <subfield code="l">0</subfield>
    <subfield code="o">BM FK NIP 2011</subfield>
    <subfield code="p">KPN26040071</subfield>
    <subfield code="r">2026-04-28</subfield>
    <subfield code="w">2026-04-28</subfield>
    <subfield code="y">1</subfield>
  </datafield>
</record>
